000 00996nam a22002537a 4500
005 20170124102923.0
010 _aA-758575
020 _c75.00
_a8170162947
035 _aA-758575
037 _bCen Lib/Ret
040 _aDPL
_bHN
082 _a820
_bशुकल्श्री
100 _a शुक्ल, श्रीलाल,
_942497
245 _aयह घर मेरा नहीं /
_cश्रीलाल शुक्ल
246 _aYeh ghar mera nahi
_bby Shreelal Shukal
260 _aनई दिल्ली
_bकिताब घर
_c1995
270 _a२४, अंसारी रोड, दरयागंज
_bनई दिल्ली
_e110002
300 _a188पृ.
_c18सेमी(सजिल्द)
650 _aहिंदी साहित्य
_942498
650 _aकहानियां
_942499
650 _aHindi literature
_942500
650 _aFiction
_98901
942 _2ddc
_cHN
_h820
_mशुकल्श्री
999 _c111376
_d111376